000 01985nam a2200637 c 4500
001 3044
003 ES-MaCES
005 20150929131856.0
008 960313s1994 sp ||| | spa d
017 _aM-34306-945
_bDL
020 _a8488562306 (o.c.)
035 _aCES19980030676m
040 _aES-MaCES
_bspa
_cES-MaCES
245 0 0 _aTendencias sociales en España (1960-1990)
_cSalustiano del Campo, ed
250 _a2ª ed
260 _aBilbao
_bFundación BBV
_c1994
300 _a3 v.
_c23 cm
504 _aBibliografía
541 _cCompra
650 4 _aEspaña
_926964
650 4 _acondiciones sociales
_930469
650 4 _adinámica poblacional
_928510
650 4 _acondiciones económicas
_927081
650 4 _ajuventud
_928522
650 4 _apersonas de edad avanzada
_928521
650 4 _arelaciones entre los grupos
_927306
650 4 _aingreso de los hogares
_930031
650 4 _afamilia
_927318
650 4 _amujeres
_928657
650 4 _atrabajadora
_928413
650 4 _amercado de trabajo
_928292
650 4 _aestratificación social
_927299
650 4 _amovilidad social
_927297
650 4 _adesigualdad social
_930789
650 4 _aservicios públicos
_927230
650 4 _amovimiento social
_927313
650 4 _asindicalismo
_929453
650 4 _aopinión
_927275
650 4 _asistema de valores
_929392
650 4 _aestilo de vida
_929385
650 4 _aeducación
_927367
650 4 _adiscriminación
_927180
650 4 _ainmigrante
_928631
650 4 _apobreza
_927112
650 4 _a1960-1990
_930951
650 4 _acuadros estadísticos
_928890
650 4 _ainvestigación sociológica
_927260
653 1 0 _aCiencias Sociales-Políticas
650 4 _927308
_aasociación
650 4 _927235
_agrupo de intereses
700 1 _aCampo, Salustiano del
_eed. lit.
_98832
710 2 _aFundación BBV
_eed.
_93765
902 _aLIB Libro
942 _2CES
_cBK
_h7.0.
999 _c3044
_d3044